Internetový produkt a brand digital - digitálna značka
Príchod internetu a revolúcia v používaní klasických marketingových nástrojov. Vznik sociálnych médií sa pod tento fakt ešte viac podpísal. Nové, nákladovo lacnejšie a cielenejšie reklamné nástroje a kanály. V článku je v skrátenej forme analýza tvorby nového internetového produktu a digitálnej znač...
Salvato in:
| Autore principale: | |
|---|---|
| Natura: | Capitolo di libro |
| Lingua: | slovacco |
| Soggetti: | |
| Tags: |
Nessun Tag, puoi essere il primo ad aggiungerne!!
|
MARC
| LEADER | 00000nla a2200000 4500 | ||
|---|---|---|---|
| 001 | 0180590 | ||
| 005 | 20240502073100.3 | ||
| 041 | 0 | |a slo | |
| 044 | |a SK | ||
| 245 | 1 | 0 | |a Internetový produkt a brand digital - digitálna značka |c Mária Szivósová |
| 520 | |a Príchod internetu a revolúcia v používaní klasických marketingových nástrojov. Vznik sociálnych médií sa pod tento fakt ešte viac podpísal. Nové, nákladovo lacnejšie a cielenejšie reklamné nástroje a kanály. V článku je v skrátenej forme analýza tvorby nového internetového produktu a digitálnej značky. | ||
| 610 | 2 | 0 | |a značky výrobné |
| 610 | 2 | 0 | |a marketing elektronický |
| 610 | 2 | 0 | |a reklama |
| 610 | 2 | 0 | |a siete sociálne |
| 100 | 1 | |a Szivósová, Mária, 1958- | |